00305nam a22001097a 4500082003100000100001600031245003500047260005500082300001300137526003700150650000800187 a297.1229bSUBcL-31, P-187 aZahid Malik aSubjects of QurancZahid Malik aArmy Education Press PakistanbHurmat Publications a806 P, : a0b0c0d297_122900000000000_SUB aMCE